000 01396nam a2200361 a 4500
001 ebr10392775
003 CaPaEBR
006 m u
007 cr cn|||||||||
008 100629r20041996enka sb 001 0 eng d
020 _z9780803977990
020 _z0803977999
020 _z0803978006 (pbk.)
020 _z9780857025968 (e-book)
040 _aCaPaEBR
_cCaPaEBR
035 _a(OCoLC)649910818
043 _ae-uk---
050 1 4 _aHV245
_b.S63 2004eb
245 0 0 _aSocial work competences
_h[electronic resource] :
_bcore knowledge, values and skills /
_cedited by Antony A. Vass.
260 _aLondon :
_bSAGE Publications,
_c2004.
300 _aix, 226 p. :
_bill.
490 1 _aNew directions in social work
500 _aReprint. First published 1996.
504 _aIncludes bibliographical references and index.
533 _aElectronic reproduction.
_bPalo Alto, Calif. :
_cebrary,
_d2011.
_nAvailable via World Wide Web.
_nAccess may be limited to ebrary affiliated libraries.
650 0 _aSocial service
_zGreat Britain.
650 0 _aSocial work education
_zGreat Britain.
655 7 _aElectronic books.
_2local
700 1 _aVass, Anthony Andreas.
710 2 _aebrary, Inc.
830 0 _aNew directions in social work.
856 4 0 _uhttp://site.ebrary.com/lib/rucke/Doc?id=10392775
_zAn electronic book accessible through the World Wide Web; click to view
999 _c89035
_d89035